00894nam a22001937a 4500003000900000008004100009040007100050082001900121100001800140245008800158260005300246300004900299505023300348650002900581650001500610650001300625700003400638700002800672AR-CdUCM190517b ||||| |||| 00| 0 spa d aMUNICIPALIDAD PROVINCIAL DEL CUSCOcBIBLIOTECA MUNICIPAL DEL CUSCO a338.972 /bB24 aBarkin, David aDesarrollo económico regional :benfoque por cuencas hidrológicas de México / aMéxico, D.F :bSiglo Ventiuno Editores,c1970. aVIII, 267 páginas ;bmapa, cuadro,c21 cm. aContenido: Política del desarrollo regional en los países menos desarrollados -- El desarrollo regional en México -- La preocupación Mexicana por le desarrollo regional -- Políticas mexicanas de desarrollo regional ... aPlanificación regional aDesarrollo aMéxico aReyes, Roberto (traducción) aKing, Timothy (coautor)